A mának és a jövőnek
Elmentve itt :
| Szerző: | |
|---|---|
| Dokumentumtípus: | Cikk |
| Megjelent: |
1982-05-01
|
| Sorozat: | Délmagyarország
72 No. 101 |
| Kulcsszavak: | Kucsora Sándor |
| Online Access: | http://dmarchiv.bibl.u-szeged.hu/96442 |
| LEADER | 00447nab a2200157 i 4500 | ||
|---|---|---|---|
| 001 | delm96442 | ||
| 005 | 20190624133353.0 | ||
| 008 | 190624s1982 hu o 0|| hun d | ||
| 040 | |a SZTE Délmagyarország Archívum |b hun | ||
| 041 | |a hun | ||
| 100 | 1 | |a Halász Miklós | |
| 245 | 1 | 2 | |a A mának és a jövőnek |h [elektronikus dokumentum] / |c Halász Miklós |
| 260 | |c 1982-05-01 | ||
| 300 | |a 8 | ||
| 490 | 0 | |a Délmagyarország |v 72 No. 101 | |
| 695 | |a Kucsora Sándor | ||